000 00945nam a2200253 a 4500
001 000024615
005 20200930023253.0
008 110201s1993 ag r 000 0 spa d
040 _aDO-SdBNP
_bspa
_cBNPHU
041 1 7 _aspa
_heng
082 _ann*
_bD7941a, 1993
100 1 _aDrucker, Peter F.
_950212
240 1 0 _aManaging for the future.
_lEspañol
245 1 0 _aAdministración y futuro :
_bde los 90 en adelante /
_cPeter F. Drucker ; traducción de Silvia Lerendegui.
250 _a2a ed.
260 _aBuenos Aires :
_bSudamericana,
_c1993.
300 _a279 p. ;
_c23 cm.
500 _aIncluye referencias bibliográficas y notas al pie de las páginas
500 _aIncluye datos biográficos del autor en la solapa de la cubierta
500 _aIncluye índice temático.
534 _aTítulo de la obra en inglés :
_tManaging for the future
590 _aInventariado, 2019 /LP
700 1 _aLerendegui, Silvia,
_etr.
_950477
999 _c24108
_d24108